| 000 | 01437nam a2200241Ia 4500 | ||
|---|---|---|---|
| 003 | Ost | ||
| 005 | 20260507075652.0 | ||
| 008 | 260507s9999||||xx |||||||||||||| ||und|| | ||
| 020 | _a×101029957 | ||
| 040 | _cfsecg | ||
| 041 | _aara | ||
| 082 | _a307.72072 | ||
| 100 |
_aحسنين، محمد حسين _eمؤلف |
||
| 245 | 0 |
_aطرق وأدوات جمع المعلومات والبيانات عن المجتمع المحلي / _c محمد حسين حسنين |
|
| 260 |
_aعمان: _bمجدلاوي للنشر والتوزيع, _c2003 |
||
| 300 |
_a340 صفحة؛ _bإيضاحات ؛ _c24 سم |
||
| 504 | _aالمراجع ص.339 | ||
| 520 | _aتأثير خصائص المجتمع الريفي والبدوي في الاردن على الباحثين وعمليات البحث- أدوات جمع المعلومات والبيانات عن المجتمع المحلي- أسلوب تخمين الريف السريع بالمشاركة - المهارات الفنية والشخصية اللازمة للباحثين- مصادر جمع المعلومات والبيانات عن المجتمع المحلي- مسميات الباحثين وحقول بحثهم وهيئاتهم البحثية المستهدفة. | ||
| 653 | _aالبحوث الميدانية- الإحصاءات الاجتماعية | ||
| 653 | _aالمجتمعات الريفية- طرق البحث | ||
| 653 | _aجمع المعلومات | ||
| 942 | _cكتاب | ||
| 999 |
_c45621 _d45621 |
||